|
|
|
|
| LEADER |
01470nam a22004215i 4500 |
| 001 |
978-1-4020-4650-6 |
| 003 |
DE-He213 |
| 005 |
20160430014618.0 |
| 007 |
cr nn 008mamaa |
| 008 |
160430s2006 ne | s |||| 0|eng d |
| 020 |
|
|
|a 9781402046506
|9 978-1-4020-4650-6
|
| 024 |
7 |
|
|a 10.1007/978-1-4020-4650-6
|2 doi
|
| 040 |
|
|
|d GrThAP
|
| 050 |
|
4 |
|a QA276-280
|
| 072 |
|
7 |
|a PBT
|2 bicssc
|
| 072 |
|
7 |
|a MBNS
|2 bicssc
|
| 072 |
|
7 |
|a MED090000
|2 bisacsh
|
| 082 |
0 |
4 |
|a 519.5
|2 23
|
| 100 |
1 |
|
|a Cleophas, Ton J.
|e author.
|
| 245 |
1 |
0 |
|a Statistics Applied to Clinical Trials
|h [electronic resource] /
|c by Ton J. Cleophas, Aeilko H. Zwinderman, Toine F. Cleophas.
|
| 264 |
|
1 |
|a Dordrecht :
|b Springer Netherlands :
|b Imprint: Springer,
|c 2006.
|
| 300 |
|
|
|a XV, 366 p.
|b online resource.
|
| 336 |
|
|
|a text
|b txt
|2 rdacontent
|
| 337 |
|
|
|a computer
|b c
|2 rdamedia
|
| 338 |
|
|
|a online resource
|b cr
|2 rdacarrier
|
| 347 |
|
|
|a text file
|b PDF
|2 rda
|
| 650 |
|
0 |
|a Statistics.
|
| 650 |
1 |
4 |
|a Statistics.
|
| 650 |
2 |
4 |
|a Statistics for Life Sciences, Medicine, Health Sciences.
|
| 650 |
2 |
4 |
|a Statistics, general.
|
| 700 |
1 |
|
|a Zwinderman, Aeilko H.
|e author.
|
| 700 |
1 |
|
|a Cleophas, Toine F.
|e author.
|
| 710 |
2 |
|
|a SpringerLink (Online service)
|
| 773 |
0 |
|
|t Springer eBooks
|
| 776 |
0 |
8 |
|i Printed edition:
|z 9781402042294
|
| 856 |
4 |
0 |
|u http://dx.doi.org/10.1007/978-1-4020-4650-6
|z Full Text via HEAL-Link
|
| 912 |
|
|
|a ZDB-2-SMA
|
| 950 |
|
|
|a Mathematics and Statistics (Springer-11649)
|